Ukrainian Cities - Statistics

General Stats
  • This quiz has been taken 336 times
  • The average score is 15 of 26
Answer Stats
Hint Answer % Correct
The capital Kyiv
100%
The biggest port city Odesa
96%
The biggest city in western Ukraine Lviv
95%
The second biggest city. Also, the first capital of Ukraine Kharkiv
93%
The bigger city of the 2 occupied oblast centers in Donbas Donetsk
86%
The smaller city of the 2 occupied oblast centers in Donbas Luhansk
82%
A city with a special status (Located in the south) Sevastopol
74%
Rockets are built here Dnipro
71%
The only oblast that is washed by 2 seas Kherson
64%
City, where ships are built Mykolaiv
57%
The northernmost major city Chernihiv
55%
The biggest sugar factory in Europe was located here Sumy
53%
The capital of Crimea Simferopol
52%
Named after a famous Ukrainian writer Ivano-Frankivsk
49%
A person who signed a document about Israel's independence was born here Poltava
48%
Airplane engines are build here Zaporizhzhia
48%
City in the far Northwest Lutsk
45%
The most central major city Cherkasy
42%
When translated from Ukrainian, it means "Flat" (Landscape) Rivne
42%
Borders Slovakia Uzhhorod
38%
One of the most beautiful universities is located here Chernivtsi
36%
The longest cave in Europe is located in this city's oblast Ternopil
34%
The most ecofriendly city Vinnytsia
33%
The oldest theater in Ukraine is located here Zhytomyr
32%
Named after a famous Ukrainian Hetman (Leader of Cossacks) Khmelnytskyi
29%
City's previous name was "Kirovohrad" Kropyvnytskyi
23%
No matching quizzes found
Score Distribution
Percent of People with Each Score
Percentile by Number Answered
Your Score History
You have not taken this quiz